000
00435nam a2200157Ia 4500
008
090711s9999 xx 000 0 und d
082
_b
78217
100
_a
केळकर ग. म.
245
_a
न्यारा संत
260
_c
1995
600
_a
केळकर ग. म.
630
_a
न्यारा संत
700
_a
केळकर ग. म.
730
_a
न्यारा संत
942
_c
BOOK
999
_c
325990
_d
325990